[Event "Gaia Profigaia op 18th"]
[Site "Vila Nova de Gaia"]
[Date "2018.07.01"]
[Round "7"]
[White "Assuncao, Francisco Daniel"]
[Black "Dias, Jose Oliveira Gaspa"]
[Result "1-0"]
[WhiteElo "1796"]
[BlackElo "1701"]
[PlyCount "85"]
[EventDate "2018.06.27"]
[EventType "swiss"]
[EventRounds "7"]
[EventCountry "POR"]
[SourceTitle "CBM 185 Extra"]
[Source "ChessBase"]
[SourceDate "2018.07.29"]
[SourceVersion "1"]
[SourceVersionDate "2018.07.29"]
[SourceQuality "1"]

1. e4 d5 2. exd5 Qxd5 3. Nc3 Qd6 4. d4 Nf6 5. Nf3 a6 6. g3 Bg4 7. Bg2 Nbd7 8. 0-0 0-0-0 9. d5 Ne5 10. Bf4 Nfd7 11. h3 Bxf3 12. Bxf3 Nxf3+ 13. Qxf3 Qg6 14. Ne4 h6 15. Qc3 Qb6 16. a4 a5 17. Qc4 f5 18. Nc3 Nf6 19. Rfe1 Ne8 20. Nb5 Nd6 21. Bxd6 exd6 22. Ra3 g6 23. Qe2 Rh7 24. Qe6+ Kb8 25. Qxg6 Rg7 26. Re8 Rgd7 27. Qf7 Kc8 28. Qxf8 c6 29. Rxd8+ Rxd8 30. Qxf5+ Kb8 31. dxc6 Qxc6 32. Rc3 Qe8 33. Qd5 Qe1+ 34. Kg2 Qe5 35. Qxe5 dxe5 36. Re3 Rd5 37. c4 Rc5 38. b3 Kc8 39. Rd3 b6 40. Rd6 e4 41. Rxh6 Kb7 42. Nd6+ Kc7 43. Nxe4 1-0

[Event "Gaia Profigaia op 18th"]
[Site "Vila Nova de Gaia"]
[Date "2018.06.30"]
[Round "5"]
[White "Assuncao, Francisco Daniel"]
[Black "Basilio, Rodrigo"]
[Result "0-1"]
[WhiteElo "1796"]
[BlackElo "1660"]
[PlyCount "74"]
[EventDate "2018.06.27"]
[EventType "swiss"]
[EventRounds "7"]
[EventCountry "POR"]
[SourceTitle "CBM 185 Extra"]
[Source "ChessBase"]
[SourceDate "2018.07.29"]
[SourceVersion "1"]
[SourceVersionDate "2018.07.29"]
[SourceQuality "1"]

1. d4 Nf6 2. c4 g6 3. Nc3 Bg7 4. e4 d6 5. Nf3 0-0 6. Be2 e5 7. 0-0 Nc6 8. d5 Ne7 9. b4 h6 10. Ne1 Nd7 11. Nd3 f5 12. f3 Nf6 13. c5 f4 14. Bd2 g5 15. Rc1 Ng6 16. Be1 Rf7 17. Nb2 Bf8 18. Bf2 h5 19. Nc4 g4 20. Nb5 a6 21. Nba3 Rg7 22. cxd6 Bxd6 23. Nxd6 cxd6 24. Nc4 g3 25. hxg3 fxg3 26. Bxg3 h4 27. Bh2 Nh5 28. Ne3 Qb6 29. Qd2 Ngf4 30. Kh1 Ng3+ 31. Bxg3 hxg3 32. Rfe1 Rh7+ 33. Kg1 Rh2 34. Bf1 Qd8 35. Rxc8 Rxc8 36. Nf5 Qg5 37. Nxg3 Qxg3 0-1

[Event "St Joao da Madeira op 10th"]
[Site "Sao Joao da Madeira"]
[Date "2013.10.13"]
[Round "7.9"]
[White "Margarido, Ricardo Emanuel Tor"]
[Black "Assuncao, Francisco Daniel"]
[Result "0-1"]
[WhiteElo "1924"]
[BlackElo "1774"]
[PlyCount "82"]
[EventDate "2013.10.05"]
[EventType "swiss"]
[EventRounds "7"]
[EventCountry "POR"]
[SourceTitle "EXT 2015"]
[Source "ChessBase"]
[SourceDate "2014.11.20"]
[SourceVersion "1"]
[SourceVersionDate "2014.11.20"]
[SourceQuality "1"]

1. d4 c5 2. e4 cxd4 3. c3 dxc3 4. Nxc3 Nc6 5. Nf3 Nf6 6. Bc4 e6 7. 0-0 a6 8. a4 Bb4 9. Qe2 Qa5 10. e5 Ng4 11. Bf4 f6 12. exf6 Nxf6 13. Rfd1 0-0 14. Rac1 d5 15. Bb3 Bxc3 16. Rxc3 Ne4 17. Bd2 Nxc3 18. Bxc3 Qc7 19. Ng5 Qe7 20. Qh5 h6 21. Nf3 Bd7 22. Ne5 Be8 23. Qe2 Nxe5 24. Bxe5 Bg6 25. Bd4 Qf7 26. Re1 Rac8 27. h3 Rfe8 28. a5 Qf4 29. Bc3 Be4 30. f3 Bg6 31. Ra1 Qd6 32. Ba4 Re7 33. Qd2 Qc5+ 34. Kh1 Qc4 35. Bd1 Qd3 36. Qf2 Kh7 37. Be2 Qc2 38. Re1 e5 39. Qh4 Re6 40. Bd1 Qf5 41. Ba4 Rc4 0-1

[Event "Gaia Profigaia op 6th"]
[Site "Vila Nova de Gaia"]
[Date "2013.07.06"]
[Round "2.9"]
[White "Assuncao, Francisco Daniel"]
[Black "Rego, Pedro Filipe"]
[Result "0-1"]
[WhiteElo "1741"]
[BlackElo "2216"]
[PlyCount "162"]
[EventDate "2013.07.06"]
[EventType "swiss"]
[EventRounds "9"]
[EventCountry "POR"]
[SourceTitle "EXT 2015"]
[Source "ChessBase"]
[SourceDate "2014.11.20"]
[SourceVersion "1"]
[SourceVersionDate "2014.11.20"]
[SourceQuality "1"]

1. d4 Nf6 2. c4 e6 3. Nc3 Bb4 4. Qc2 c5 5. e3 0-0 6. Nf3 b6 7. Bd3 Bb7 8. Bd2 cxd4 9. exd4 Nc6 10. 0-0 Rc8 11. a3 Be7 12. b4 d6 13. Rfe1 a6 14. Bf4 Re8 15. Qb3 Nh5 16. Bd2 Nb8 17. d5 e5 18. Ne4 Nf6 19. Neg5 h6 20. Ne4 Nxe4 21. Bxe4 Nd7 22. Bf5 Rb8 23. Rac1 Nf6 24. Be3 Bf8 25. Red1 g6 26. Bh3 Ne4 27. Nd2 Nxd2 28. Bxd2 Bc8 29. Re1 f5 30. f4 e4 31. Be3 Bd7 32. Bd4 Bg7 33. Qe3 Bxd4 34. Qxd4 Qh4 35. Qf2 Qxf2+ 36. Kxf2 g5 37. g3 Rbc8 38. Ke3 Kf7 39. Kd4 Kf6 40. Re3 Rc7 41. Rec3 Rec8 42. Bf1 gxf4 43. gxf4 Rg8 44. Rg3 Rgc8 45. Re3 Ba4 46. Be2 Rg8 47. Rg3 Rcg7 48. Rcg1 Rxg3 49. Rxg3 Rxg3 50. hxg3 a5 51. bxa5 bxa5 52. c5 dxc5+ 53. Kxc5 Bc2 54. Kd4 Ke7 55. Bh5 Kd6 56. Be2 Bb3 57. g4 fxg4 58. Bxg4 Bxd5 59. Bh5 Bc6 60. Bg6 Ke6 61. Ke3 Kf6 62. Bh5 Kf5 63. Be2 Bd5 64. Ba6 Bc6 65. Bc8+ Kg6 66. Bh3 h5 67. Bc8 h4 68. Bh3 Kf6 69. Bg4 Bd5 70. Bh3 Bb7 71. Bg4 Bc6 72. Bc8 Bd5 73. Bh3 Be6 74. Bg2 Bf5 75. Kd4 Kg6 76. Ke3 Kh5 77. Bxe4 Kg4 78. Bc6 Kg3 79. Bd5 h3 80. Bf3 h2 81. Bh1 Bh3 0-1

[Event "Gaia Profigaia op 6th"]
[Site "Vila Nova de Gaia"]
[Date "2013.07.06"]
[Round "1.28"]
[White "Ribeiro, Andre Amorim"]
[Black "Assuncao, Francisco Daniel"]
[Result "0-1"]
[WhiteElo "1144"]
[BlackElo "1741"]
[PlyCount "80"]
[EventDate "2013.07.06"]
[EventType "swiss"]
[EventRounds "9"]
[EventCountry "POR"]
[SourceTitle "EXT 2015"]
[Source "ChessBase"]
[SourceDate "2014.11.20"]
[SourceVersion "1"]
[SourceVersionDate "2014.11.20"]
[SourceQuality "1"]

1. e4 c5 2. Nf3 a6 3. Bc4 e6 4. d4 b5 5. Be2 Bb7 6. Nbd2 Nf6 7. dxc5 Nxe4 8. Nxe4 Bxe4 9. b4 Nc6 10. Rb1 Be7 11. Bd3 Bd5 12. a3 Bf6 13. Bb2 Bxb2 14. Rxb2 Qf6 15. Rb1 Qc3+ 16. Nd2 Qxa3 17. Be4 Nxb4 18. Nb3 Bxe4 19. Ra1 Qb2 20. Qc1 Nxc2+ 21. Kf1 Qxb3 22. f3 Bd3+ 23. Kf2 Nxa1 24. Qxa1 Qc2+ 25. Kg3 0-0 26. Qd1 Rac8 27. Qxc2 Bxc2 28. Rc1 Bd3 29. Rd1 Bc4 30. Rxd7 Rxc5 31. Rd2 b4 32. h3 b3 33. Rb2 a5 34. Kf2 a4 35. Kg3 a3 36. Rxb3 Bxb3 37. Kh2 a2 38. h4 a1Q 39. h5 Qe5+ 40. Kg1 Rc1+ 0-1